[Event "Clasificatorio al Mayor 2012"]
[Site "Asuncion"]
[Date "2012.04.13"]
[Round "1.9"]
[White "Apuril, Jose"]
[Black "Salinas, Victor"]
[Result "1-0"]
[WhiteElo "1891"]
[BlackElo "1648"]
[PlyCount "53"]
[EventDate "2012.04.13"]

1. d4 d5 2. Nf3 Bf5 3. c4 e6 4. Qb3 Nc6 5. cxd5 exd5 6. Qxb7 Nb4 7. e4 Nc2+ 8.
Kd1 Nxa1 9. exf5 Be7 10. Ne5 a6 11. Qc6+ Kf8 12. Nd7+ Ke8 13. Nb6+ Kf8 14. Nxa8
Bd6 15. Nc3 Nf6 16. Bg5 h6 17. Bh4 Qc8 18. Bd3 g5 19. Bg3 Bxg3 20. Qxf6 Kg8 21.
Nxd5 Bd6 22. Bc4 Rh7 23. Naxc7 Qd7 24. Re1 Qa4+ 25. b3 Qxa2 26. Re8+ Bf8 27.
Ne7# 1-0

[Event "Clasificatorio al Mayor 2012"]
[Site "Asuncion"]
[Date "2012.04.13"]
[Round "1.10"]
[White "Heinechen, Juan"]
[Black "Cubilla, Walter"]
[Result "0-1"]
[WhiteElo "1447"]
[BlackElo "1862"]
[PlyCount "68"]
[EventDate "2012.04.13"]

1. d4 d5 2. Nf3 Nf6 3. e3 g6 4. c4 e6 5. Qc2 Bg7 6. Bd3 O-O 7. O-O Nbd7 8. b3
Re8 9. Bb2 c5 10. Nbd2 b6 11. Rfe1 Bb7 12. e4 Rc8 13. Qd1 cxd4 14. exd5 Nc5 15.
Ne4 Nfxe4 16. Bxe4 f5 17. Bb1 e5 18. a3 b5 19. b4 Na4 20. Bc1 Nc3 21. Bg5 Nxd1
22. Bxd8 bxc4 23. Ba5 Nc3 24. d6 Bc6 25. Ba2 Nxa2 26. Rxa2 Re6 27. Bc7 e4 28.
Nd2 c3 29. Nb3 d3 30. Nc5 Re5 31. d7 Bxd7 32. Bxe5 Bxe5 33. Rd1 Bb5 34. Raa1 c2
0-1

[Event "Clasificatorio al Mayor 2012"]
[Site "Asuncion"]
[Date "2012.04.13"]
[Round "1.11"]
[White "Florentin, Damaso"]
[Black "Herrero, Juan Luis"]
[Result "0-1"]
[WhiteElo "1852"]
[BlackElo "1441"]
[PlyCount "172"]
[EventDate "2012.04.13"]

1. d4 Nf6 2. Bf4 g6 3. e3 Bg7 4. Bd3 d6 5. c3 O-O 6. h3 Nbd7 7. Nd2 b6 8. Ngf3
Bb7 9. Qc2 Re8 10. O-O e5 11. Bg5 e4 12. Bxe4 Bxe4 13. Nxe4 Rxe4 14. Qxe4 Nxe4
15. Bxd8 Rxd8 16. Rfd1 d5 17. Ne1 b5 18. Nd3 Nb6 19. Nb4 a5 20. Nc6 Ra8 21. f3
Nd6 22. b3 a4 23. Re1 f5 24. Kf2 Re8 25. Ke2 Kf7 26. Kd3 Nd7 27. Nb4 Nb6 28.
Na6 c6 29. Nc5 Ra8 30. g4 Re8 31. Re2 Bh6 32. Rf1 Kg7 33. h4 fxg4 34. fxg4 Ne4
35. g5 Ng3 36. gxh6+ Kxh6 37. Rf6 Nxe2 38. Kxe2 Rc8 39. Rf7 Re8 40. Rb7 Na8 41.
Ra7 Nb6 42. Rb7 Na8 43. Nd3 Re4 44. Nf4 Re8 45. Kf3 Re4 46. Rf7 Re8 47. Rf6 Rc8
48. h5 Kg7 49. Rd6 gxh5 50. Nxh5+ Kg8 51. Rd7 Rf8+ 52. Kg4 Nb6 53. Rb7 Na8 54.
Kg5 Rf7 55. Rb8+ Rf8 56. Rxf8+ Kxf8 57. Kf6 Nc7 58. Nf4 Ke8 59. Nd3 Kd7 60.
Ne5+ Kd6 61. Nf7+ Kd7 62. Ng5 h5 63. Nf3 Ne8+ 64. Kg5 Nd6 65. Kf4 Ne4 66. c4
bxc4 67. bxc4 Nf6 68. c5 Ne4 69. Nh4 Ke6 70. Ng6 Kd7 71. Kf5 Ng3+ 72. Kf4 Ne4
73. Ne5+ Kc7 74. Nf3 Kd7 75. Nh2 Nf6 76. Kg5 Ke6 77. Kf4 Ke7 78. Nf3 Kd7 79.
Kg5 Ng4 80. Kf4 Nf6 81. Nd2 Ke7 82. Kg5 Ke6 83. Nf1 Ke7 84. Ng3 Ke6 85. Nxh5
Nxh5 86. Kxh5 Kf5 0-1

[Event "Clasificatorio al Mayor 2012"]
[Site "Asuncion"]
[Date "2012.04.15"]
[Round "3.3"]
[White "Apuril, Jose"]
[Black "Lopez, Fernando"]
[Result "0-1"]
[WhiteElo "1891"]
[BlackElo "1949"]
[PlyCount "83"]
[EventDate "2012.04.13"]

1. d4 Nf6 2. Nf3 g6 3. Bf4 Bg7 4. h3 d6 5. e3 Nbd7 6. c4 O-O 7. Nc3 Nh5 8. Bh2
f5 9. Be2 e5 10. O-O e4 11. Nd2 Nhf6 12. b4 Nb6 13. Rc1 c6 14. c5 dxc5 15. bxc5
Nbd5 16. Qb3 Kh8 17. Nc4 Nxc3 18. Rxc3 Nd5 19. Rcc1 f4 20. Bg4 h5 21. Bxc8 Qxc8
22. Nd6 Qd7 23. Rb1 b5 24. Rbe1 f3 25. Nxe4 Rae8 26. Qd3 Qf5 27. gxf3 g5 28.
Qb1 Re6 29. Bd6 Rf7 30. Bg3 Rf8 31. Qd1 Rg6 32. Kg2 g4 33. hxg4 hxg4 34. Rh1+
Kg8 35. Nd2 gxf3+ 36. Nxf3 Qe4 37. Rh4 Rg4 38. Reh1 Nc3 39. Rxg4 Qxg4 40. Rh4
Qe6 41. Qd3 Nd5 42. Qh7+ 0-1

[Event "Clasificatorio al Mayor 2012"]
[Site "Asuncion"]
[Date "2012.04.19"]
[Round "4.1"]
[White "Heinechen, John"]
[Black "Diaz, Fernando"]
[Result "1/2-1/2"]
[WhiteElo "1814"]
[BlackElo "2035"]
[PlyCount "128"]
[EventDate "2012.04.13"]

1. e4 c5 2. Nf3 g6 3. c3 Bg7 4. d4 cxd4 5. cxd4 d6 6. Nc3 Nh6 7. Bb5+ Bd7 8.
Bxd7+ Qxd7 9. h3 O-O 10. Be3 f5 11. Qb3+ Kh8 12. Ng5 f4 13. Bd2 Nc6 14. Ne2 e5
15. Ne6 Rf7 16. Rc1 Rc8 17. Nxg7 Kxg7 18. f3 Ng8 19. O-O Nf6 20. Rfd1 Qe8 21.
d5 Nb8 22. Rxc8 Qxc8 23. Rc1 Rc7 24. Rxc7+ Qxc7 25. Qc3 Qd7 26. Qd3 g5 27. Nc3
a6 28. Nd1 h5 29. Nf2 Qc7 30. Qc3 Qxc3 31. Bxc3 Nbd7 32. Bb4 Ne8 33. Kf1 Kf7
34. Nd3 Nb6 35. b3 Nc8 36. a4 Nf6 37. Nb2 Ke7 38. Nc4 Kd7 39. Bd2 g4 40. hxg4
hxg4 41. Bc3 g3 42. Ke2 b6 43. Na3 Na7 44. Nc4 Nc8 45. Kd3 Nh5 46. Na3 Nf6 47.
Nc2 Ne7 48. Na3 Ng6 49. Ke2 Kc7 50. Nc4 Ne8 51. b4 b5 52. Nb2 Kb6 53. a5+ Kc7
54. Nd3 Nf6 55. Kf1 Nd7 56. Nc1 Nf6 57. Ne2 Nh7 58. Be1 Kd7 59. Nc3 Nf6 60. Nd1
Nh5 61. Nb2 Nf6 62. Bc3 Ne8 63. Nd3 Nf6 64. Ke2 Kc7 1/2-1/2

[Event "Clasificatorio al Mayor 2012"]
[Site "Asuncion"]
[Date "2012.04.19"]
[Round "4.2"]
[White "Morales, Ever"]
[Black "Lopez, Fernando"]
[Result "1/2-1/2"]
[WhiteElo "1954"]
[BlackElo "1949"]
[PlyCount "55"]
[EventDate "2012.04.13"]

1. e4 c5 2. Nf3 g6 3. d4 cxd4 4. Nxd4 Nc6 5. Nc3 Bg7 6. Be3 Nf6 7. Nxc6 bxc6 8.
e5 Ng8 9. f4 Nh6 10. Qd2 d6 11. exd6 exd6 12. O-O-O O-O 13. Bc4 d5 14. h3 Nf5
15. Bc5 Re8 16. g4 Qa5 17. Qf2 Bxc3 18. bxc3 dxc4 19. gxf5 Qxa2 20. fxg6 hxg6
21. Rhe1 Bf5 22. Rxe8+ Rxe8 23. Bxa7 Ra8 24. Bb6 Qa3+ 25. Kd2 Qd6+ 26. Qd4 Qd5
27. Qxd5 cxd5 28. Ke3 1/2-1/2

[Event "Clasificatorio al Mayor 2012"]
[Site "Asuncion"]
[Date "2012.04.19"]
[Round "4.3"]
[White "Penayo, Nicolas"]
[Black "Ibanez, Juan"]
[Result "0-1"]
[WhiteElo "1911"]
[BlackElo "1925"]
[PlyCount "82"]
[EventDate "2012.04.13"]

1. e4 c5 2. Nc3 e6 3. f4 Nc6 4. Nf3 g6 5. Bc4 Bg7 6. f5 Nge7 7. fxg6 hxg6 8.
Qe2 Nd4 9. Nxd4 cxd4 10. Nb5 Be5 11. Qf3 a6 12. Rf1 f5 13. exf5 gxf5 14. Na3
Nc6 15. d3 Qh4+ 16. g3 Qxh2 17. Bf4 Bxf4 18. Qxf4 Qh6 19. Qf2 d5 20. Bb3 Bd7
21. c4 dxc3 22. bxc3 Qh2 23. O-O-O Qxf2 24. Rxf2 O-O-O 25. d4 Rdg8 26. Rg1 Rh6
27. Nc2 Rhg6 28. Rf3 Nd8 29. Ne3 Nf7 30. c4 Ng5 31. Rff1 Nh3 32. Rh1 Rxg3 33.
Kd2 f4 34. Nd1 Bc6 35. cxd5 Bxd5 36. Bxd5 exd5 37. Nc3 Kb8 38. Ne2 Ra3 39. Nc3
Rg2+ 40. Ne2 Rxa2+ 41. Kd1 Nf2+ 0-1

[Event "Clasificatorio al Mayor 2012"]
[Site "Asuncion"]
[Date "2012.04.19"]
[Round "4.4"]
[White "Salinas, Victor"]
[Black "Roman, Rodrigo"]
[Result "0-1"]
[WhiteElo "1648"]
[BlackElo "2053"]
[PlyCount "86"]
[EventDate "2012.04.13"]

1. e4 c5 2. Ne2 Nc6 3. g3 g6 4. Bg2 Bg7 5. c3 c4 6. O-O d6 7. d4 cxd3 8. Qxd3
Nf6 9. Nd2 O-O 10. f4 Qb6+ 11. Kh1 Ng4 12. Qf3 Ne3 13. Rg1 Bg4 14. Qf2 Nc2 15.
Qxb6 axb6 16. Nf3 Nxa1 17. a3 Nb3 18. Be3 Nc5 19. e5 dxe5 20. fxe5 Nxe5 21.
Ned4 Nxf3 22. Nxf3 Nd3 23. Rb1 Bf5 24. Kg1 Nf4 25. Rd1 Nxg2 26. Kxg2 Rad8 27.
Rxd8 Rxd8 28. Nd4 Be4+ 29. Kf2 Bc6 30. Ke2 Bxd4 31. Bxd4 Rxd4 32. cxd4 f5 33.
Ke3 Kf7 34. Kf4 Kf6 35. g4 fxg4 36. Kxg4 e5 37. dxe5+ Kxe5 38. h4 Kd4 39. h5
gxh5+ 40. Kxh5 Kc4 41. Kh6 Be4 42. Kg5 Kb3 43. Kf4 Bg6 0-1

[Event "Clasificatorio al Mayor 2012"]
[Site "Asuncion"]
[Date "2012.04.19"]
[Round "4.5"]
[White "Rivas, Jose"]
[Black "Rubiani, Oscar"]
[Result "0-1"]
[WhiteElo "1772"]
[BlackElo "1796"]
[PlyCount "94"]
[EventDate "2012.04.13"]

1. e4 c5 2. Nf3 d6 3. d4 cxd4 4. Nxd4 Nf6 5. Nc3 a6 6. h3 e5 7. Nf3 Be7 8. Bc4
h6 9. Be3 Nbd7 10. Qe2 b5 11. Bd5 Nxd5 12. Nxd5 Bb7 13. O-O-O Bxd5 14. exd5 Rc8
15. g4 Nb6 16. Rhg1 Nc4 17. Ne1 Qa5 18. Kb1 Bf6 19. f4 Nxb2 20. Kxb2 Qb4+ 21.
Kc1 Qa3+ 22. Kb1 Rc4 23. Rd3 Rb4+ 24. Rb3 Kd7 25. g5 hxg5 26. fxg5 Bd8 27. Bc1
Rxb3+ 28. cxb3 Qc5 29. Rg3 Qxd5 30. Rd3 Qe6 31. Ba3 d5 32. Qg4 Qxg4 33. hxg4
Ke6 34. Nf3 d4 35. Rd1 Rh3 36. Rf1 Rg3 37. Bf8 g6 38. Bg7 Bc7 39. Bf6 Kd5 40.
Kc2 d3+ 41. Kc3 e4 42. Ne1 Rxg4 43. Be7 Be5+ 44. Kd2 Ke6 45. Bd8 b4 46. Nxd3
exd3 47. Kxd3 Rd4+ 0-1

[Event "Clasificatorio al Mayor 2012"]
[Site "Asuncion"]
[Date "2012.04.19"]
[Round "4.6"]
[White "Recalde, Ariel"]
[Black "Heinechen, Juan"]
[Result "1-0"]
[WhiteElo "1980"]
[BlackElo "1447"]
[PlyCount "51"]
[EventDate "2012.04.13"]

1. e4 c5 2. Nf3 d6 3. d4 cxd4 4. Qxd4 Nc6 5. Bb5 Qa5+ 6. Nc3 Qxb5 7. Nxb5 Nxd4
8. Nfxd4 Kd8 9. c4 g6 10. Be3 Bg7 11. Rd1 Nf6 12. e5 Ng4 13. exd6 Nxe3 14. fxe3
a6 15. dxe7+ Kxe7 16. Nc7 Bg4 17. Nd5+ Kf8 18. Rd2 Re8 19. O-O Bh6 20. Rdf2 f5
21. h3 Bxh3 22. gxh3 Bxe3 23. Nxe3 Rxe3 24. Re2 Rxh3 25. Ne6+ Kg8 26. Rd1 1-0

[Event "Clasificatorio al Mayor 2012"]
[Site "Asuncion"]
[Date "2012.04.19"]
[Round "4.7"]
[White "Herrero, Juan Luis"]
[Black "Riva, Eric"]
[Result "0-1"]
[WhiteElo "1441"]
[BlackElo "1738"]
[PlyCount "102"]
[EventDate "2012.04.13"]

1. e4 e5 2. Nf3 Nc6 3. d4 exd4 4. Nxd4 d6 5. Be3 Nf6 6. Nc3 Bd7 7. Be2 g6 8.
O-O Bg7 9. Qd2 O-O 10. Rad1 Re8 11. f3 Qe7 12. Bg5 Nxd4 13. Qxd4 Nxe4 14. Qxe4
Qxg5 15. Qxb7 Bxc3 16. bxc3 Qe3+ 17. Rf2 Qxc3 18. Bd3 Qa5 19. Bc4 Rab8 20. Qd5
Qxd5 21. Bxd5 Be6 22. Bb3 Bxb3 23. axb3 Rb6 24. Ra1 a6 25. Rd2 Re5 26. Kf2 a5
27. Rd4 Rb4 28. Ra4 Rc5 29. Raxb4 Rxc2+ 30. Kg3 axb4 31. Rxb4 c5 32. Rb8+ Kg7
33. b4 Rb2 34. Rb6 cxb4 35. Rxd6 b3 36. Rb6 Kf8 37. Rb7 Ke8 38. Kh3 f6 39. f4
Kd8 40. Kg3 Kc8 41. Rb4 Kc7 42. Kh3 Kc6 43. Kg3 Kc5 44. Rb8 Kd4 45. Rb4+ Kc3
46. Rb8 Rc2 47. Kf3 b2 48. Ke3 Rc1 49. Rc8+ Kb3 50. Rb8+ Kc2 51. Rc8+ Kd1 0-1

[Event "Clasificatorio al Mayor 2012"]
[Site "Asuncion"]
[Date "2012.04.19"]
[Round "4.9"]
[White "Ogdon, Ricardo"]
[Black "Uribe, Gabriel"]
[Result "0-1"]
[WhiteElo "1753"]
[BlackElo "1953"]
[PlyCount "28"]
[EventDate "2012.04.13"]

1. d4 Nf6 2. c4 e6 3. Nf3 Bb4+ 4. Bd2 Qe7 5. e3 Nc6 6. a3 Bxd2+ 7. Nbxd2 d6 8.
Bd3 a5 9. O-O O-O 10. Ne4 e5 11. d5 Nb8 12. Qc2 Nxe4 13. Bxe4 f5 14. Bd3 e4 0-1

[Event "Clasificatorio al Mayor 2012"]
[Site "Asuncion"]
[Date "2012.04.19"]
[Round "4.11"]
[White "Torres, Mauricio"]
[Black "Florentin, Damaso"]
[Result "1-0"]
[WhiteElo "1750"]
[BlackElo "1852"]
[PlyCount "101"]
[EventDate "2012.04.13"]

1. e4 e5 2. Nc3 g6 3. g3 Bg7 4. Bg2 Nc6 5. Nge2 d6 6. d3 Nge7 7. O-O h6 8. Be3
Bg4 9. h3 Bd7 10. Qd2 g5 11. f4 gxf4 12. gxf4 Ng6 13. f5 Nh4 14. Nd5 Nxg2 15.
Kxg2 f6 16. Ng3 Ne7 17. c4 Nxd5 18. cxd5 c5 19. Kh2 Qe7 20. Nh5 O-O-O 21. b4 b6
22. Rac1 Kb8 23. Rg1 Rdg8 24. bxc5 dxc5 25. d6 Qf7 26. Rxg7 Rxg7 27. Nxg7 Qxg7
28. Qb2 Rg8 29. Rg1 Qf7 30. Rxg8+ Qxg8 31. Bxc5 Qg5 32. Bf2 Qf4+ 33. Bg3 Qe3
34. Qc2 Qc5 35. Qxc5 bxc5 36. Bf2 Bb5 37. Kg3 Bxd3 38. Kf3 c4 39. Ke3 a6 40.
Bh4 Bb1 41. a3 c3 42. Bxf6 c2 43. Kd2 c1=Q+ 44. Kxc1 Bxe4 45. Bxe5 Kc8 46. f6
Bg6 47. Kd2 Kd7 48. Kc3 Ke6 49. Kb4 Be8 50. Ka5 Bb5 51. Kb6 1-0

[Event "Clasificatorio al Mayor 2012"]
[Site "Asuncion"]
[Date "2012.04.20"]
[Round "5.1"]
[White "Ibanez, Juan"]
[Black "Heinechen, John"]
[Result "0-1"]
[WhiteElo "1925"]
[BlackElo "1814"]
[PlyCount "114"]
[EventDate "2012.04.13"]

1. e4 g6 2. Nc3 Bg7 3. d4 d6 4. Be3 Nf6 5. f3 h5 6. Qd2 Nbd7 7. Nh3 a6 8. a4 e5
9. d5 Nc5 10. Nf2 b6 11. b4 Nb7 12. Nd3 Bd7 13. Rd1 h4 14. Bg5 a5 15. b5 h3 16.
g4 Qc8 17. Be2 Ng8 18. Rg1 f6 19. Be3 Qd8 20. Ra1 Qe7 21. Kd1 Bh6 22. g5 Bg7
23. gxf6 Nxf6 24. Rxg6 O-O-O 25. Kc1 Qf7 26. Rg1 Nh5 27. Kb2 Rdf8 28. Raf1 Nf4
29. Rg3 Nh5 30. Rgg1 Nf4 31. Rg3 Bf6 32. Ka3 Rh5 33. Nd1 Ng2 34. Bg5 Bxg5 35.
Rxg5 Rxg5 36. Qxg5 Rg8 37. Qd2 Nf4 38. Ne3 Nc5 39. Nf2 Rf8 40. Nh1 Ng2 41. Ng3
Qf4 42. Nc4 Rg8 43. Qxf4 exf4 44. Nh5 Rg5 45. Nf6 Nh4 46. e5 dxe5 47. Nxd7 Nxd7
48. Rh1 Rg2 49. Bf1 Rxc2 50. Rg1 Rc3+ 51. Kb2 Rxf3 52. Rg8+ Kb7 53. Nd2 Rf2 54.
Kc3 Nf6 55. Rd8 Nf3 56. Bxh3 Rxd2 57. Bc8+ Ka7 0-1

[Event "Clasificatorio al Mayor 2012"]
[Site "Asuncion"]
[Date "2012.04.20"]
[Round "5.2"]
[White "Diaz, Fernando"]
[Black "Morales, Ever"]
[Result "1-0"]
[WhiteElo "2035"]
[BlackElo "1954"]
[PlyCount "87"]
[EventDate "2012.04.13"]

1. e4 Nf6 2. e5 Nd5 3. Nf3 d6 4. d4 g6 5. Be2 Bg7 6. O-O Nc6 7. exd6 cxd6 8. c4
Nb6 9. Na3 O-O 10. Be3 Bf5 11. Qd2 Rc8 12. Rac1 Re8 13. Rfd1 d5 14. c5 Nd7 15.
Nh4 Be6 16. b4 Nf6 17. b5 Ne4 18. Qe1 Nb8 19. Nc2 f6 20. f3 Ng5 21. Qg3 Bf7 22.
Bd3 e5 23. dxe5 Rxe5 24. Bd4 Ne6 25. f4 Rh5 26. f5 Nxd4 27. Nxd4 Rg5 28. Qf2
Nd7 29. c6 bxc6 30. Nxc6 Qe8 31. Ne7+ Qxe7 32. Rxc8+ Bf8 33. Qxa7 d4 34. Qxd4
Ne5 35. Qd8 Qb4 36. Qxf8+ Qxf8 37. Rxf8+ Kxf8 38. Be2 Bxa2 39. b6 Ke7 40. Bb5
gxf5 41. b7 Rg8 42. Nxf5+ Ke6 43. Ng7+ Ke7 44. Ne8 1-0

[Event "Clasificatorio al Mayor 2012"]
[Site "Asuncion"]
[Date "2012.04.20"]
[Round "5.3"]
[White "Lopez, Fernando"]
[Black "Recalde, Ariel"]
[Result "1/2-1/2"]
[WhiteElo "1949"]
[BlackElo "1980"]
[PlyCount "40"]
[EventDate "2012.04.13"]

1. d4 d5 2. e3 Nf6 3. Bd3 Nc6 4. f4 Ne4 5. Nf3 Bf5 6. Nbd2 Nxd2 7. Bxf5 Nxf3+
8. Qxf3 e6 9. Bd3 Nb4 10. O-O Nxd3 11. cxd3 Bd6 12. Bd2 Qe7 13. e4 Bb4 14. Bc3
dxe4 15. dxe4 O-O 16. a3 Bxc3 17. Qxc3 Rad8 18. Rad1 Rd6 19. Rd3 Rfd8 20. Rfd1
Qd7 1/2-1/2

[Event "Clasificatorio al Mayor 2012"]
[Site "Asuncion"]
[Date "2012.04.20"]
[Round "5.4"]
[White "Rubiani, Oscar"]
[Black "Apuril, Jose"]
[Result "1/2-1/2"]
[WhiteElo "1796"]
[BlackElo "1891"]
[PlyCount "105"]
[EventDate "2012.04.13"]

1. e4 c5 2. Nf3 e6 3. d3 Nc6 4. g3 Qc7 5. Bg2 Nf6 6. O-O Be7 7. Re1 d6 8. c3
O-O 9. d4 Rb8 10. a4 Rd8 11. Na3 a6 12. Qe2 b6 13. Nc2 Na5 14. e5 Nd7 15. Ng5
h6 16. exd6 Bxd6 17. Ne4 Nb3 18. Nxd6 Nxc1 19. Raxc1 Qxd6 20. Rcd1 Qc7 21. d5
Nf6 22. Ne3 b5 23. axb5 axb5 24. b4 Rb6 25. dxe6 Rxe6 26. Qxb5 cxb4 27. cxb4
Rde8 28. Rc1 Qa7 29. Qc5 Qa2 30. Rc2 Qb3 31. Rc3 Qb2 32. Rc2 Qb3 33. Qc4 Qxc4
34. Rxc4 Ba6 35. Rc6 Rb8 36. Rxe6 fxe6 37. Rb1 Rb6 38. Bf1 Bxf1 39. Kxf1 Ne4
40. Ke1 Rb5 41. Rb3 Nc5 42. Rc3 Na4 43. Rc8+ Kf7 44. Nc2 Rd5 45. Rc4 Nb2 46.
Rd4 Rxd4 47. Nxd4 Nd3+ 48. Ke2 Nxb4 49. Ke3 Kf6 50. Ke4 Nd5 51. f4 Nc3+ 52. Kd3
Nd5 53. Ke4 1/2-1/2

[Event "Clasificatorio al Mayor 2012"]
[Site "Asuncion"]
[Date "2012.04.20"]
[Round "5.5"]
[White "Riva, Eric"]
[Black "Rivas, Jose"]
[Result "0-1"]
[WhiteElo "1738"]
[BlackElo "1772"]
[PlyCount "98"]
[EventDate "2012.04.13"]

1. d4 Nf6 2. Nf3 g6 3. Nc3 Bg7 4. e4 d6 5. Be2 O-O 6. O-O e5 7. dxe5 dxe5 8.
Qxd8 Rxd8 9. Bg5 Re8 10. Rad1 c6 11. Nxe5 Nxe4 12. Nxe4 Bxe5 13. Bf3 Kg7 14. c3
f6 15. Be3 Nd7 16. Nc5 Nxc5 17. Bxc5 Be6 18. Bd4 Bc4 19. Rfe1 Bxd4 20. cxd4
Bxa2 21. Re3 Bd5 22. Bxd5 cxd5 23. Rc1 Rac8 24. Rec3 Rxc3 25. bxc3 Kf7 26. Kf1
Re7 27. Rb1 b6 28. Rb5 Ke6 29. Ke2 Kd6+ 30. Kd3 Kc6 31. Rb1 b5 32. Ra1 Kb6 33.
Kd2 a5 34. Kd3 a4 35. Kd2 Ra7 36. Re1 Ka5 37. Re6 b4 38. cxb4+ Kxb4 39. Kd3 Ra5
40. Rxf6 a3 41. Rb6+ Rb5 42. Rxb5+ Kxb5 43. Kc3 a2 44. Kb2 Kc4 45. Kxa2 Kxd4
46. Kb2 Kd3 47. f4 Ke3 48. g3 d4 49. Kc1 Ke2 0-1

[Event "Clasificatorio al Mayor 2012"]
[Site "Asuncion"]
[Date "2012.04.20"]
[Round "5.6"]
[White "Uribe, Gabriel"]
[Black "Torres, Mauricio"]
[Result "0-1"]
[WhiteElo "1953"]
[BlackElo "1750"]
[PlyCount "148"]
[EventDate "2012.04.13"]

1. d4 Nf6 2. Nf3 g6 3. Bf4 Bg7 4. e3 O-O 5. h3 d6 6. Be2 Nbd7 7. c4 c5 8. Nc3
b6 9. Bh2 Bb7 10. Rc1 Ne4 11. O-O e5 12. Nxe4 Bxe4 13. dxc5 Nxc5 14. b4 Ne6 15.
Nd2 Bb7 16. Bf3 Bxf3 17. Qxf3 Qe7 18. Rfd1 Rad8 19. Qd5 f5 20. Nf3 Kh8 21. Rc2
g5 22. a3 h5 23. Rcd2 g4 24. Ne1 Ng5 25. f3 gxh3 26. Qc6 Nf7 27. gxh3 Bh6 28.
Ng2 Rc8 29. Qd5 Rg8 30. Kh1 Rc7 31. Rc2 Rg6 32. Rdd2 Ng5 33. Nh4 Rf6 34. Qa8+
Kh7 35. Rg2 Rb7 36. Qc8 Qd7 37. Qxd7+ Rxd7 38. Rgd2 Nxh3 39. Bxe5 Nf2+ 40. Kh2
Re6 41. Bf4 Bxf4+ 42. exf4 Ng4+ 43. fxg4 fxg4 44. Rc3 Rde7 45. Rcd3 Re3 46. Nf5
Rxd3 47. Rxd3 Re4 48. Kg3 Rxc4 49. Nxd6 Rc1 50. Ne4 Kg6 51. Nd6 Rh1 52. Kg2 Rc1
53. Kg3 Rh1 54. Kg2 Rc1 55. Re3 h4 56. Re6+ Kh7 57. Re2 Rc3 58. Ra2 Rg3+ 59.
Kh2 Rf3 60. f5 Kh6 61. Rg2 Kg5 62. a4 g3+ 63. Kh3 Rf1 64. Re2 Rh1+ 65. Kg2 Rd1
66. Nc4 Ra1 67. a5 bxa5 68. Nxa5 Kxf5 69. Nc6 Kf4 70. Rd2 h3+ 71. Kxh3 Rh1+ 72.
Kg2 Rh2+ 73. Kf1 Rxd2 74. Nxa7 g2+ 0-1

[Event "Clasificatorio al Mayor 2012"]
[Site "Asuncion"]
[Date "2012.04.20"]
[Round "5.7"]
[White "Salinas, Victor"]
[Black "Penayo, Nicolas"]
[Result "1/2-1/2"]
[WhiteElo "1648"]
[BlackElo "1911"]
[PlyCount "129"]
[EventDate "2012.04.13"]

1. e4 e5 2. d3 d5 3. exd5 Qxd5 4. Nc3 Bb4 5. Bd2 Bxc3 6. Bxc3 Nc6 7. Nf3 Bg4 8.
Be2 O-O-O 9. h3 Be6 10. Nd2 Nge7 11. O-O f6 12. Bf3 Qd7 13. Ne4 b6 14. a4 Nd5
15. Bd2 Nd4 16. c4 Ne7 17. Nc3 Kb8 18. a5 Nxf3+ 19. Qxf3 Qxd3 20. Be3 Qf5 21.
axb6 cxb6 22. Bxb6 Qxf3 23. Bxa7+ Kb7 24. gxf3 Bxc4 25. Rfc1 Nc6 26. Ne4 Be2
27. Nc5+ Kc8 28. Bb6 Rd4 29. Ra8+ Nb8 30. Na6+ Kb7 31. Bxd4 Kxa8 32. Nc7+ Kb7
33. Be3 Bxf3 34. Ne6 Nc6 35. b4 Re8 36. Nc5+ Kb6 37. Ne6+ Kb5 38. Nc7+ Kxb4 39.
Nxe8 f5 40. Nxg7 f4 41. Bd2+ Kb5 42. Nf5 Kb6 43. Bxf4 exf4 44. Rxc6+ Bxc6 45.
h4 Kc5 46. Kf1 Bf3 47. Ke1 Kd5 48. Kd2 Ke5 49. Ne7 Kf6 50. Nc8 Kf5 51. Kd3 Kg4
52. Kd4 Kxh4 53. Ke5 Kg4 54. Nd6 Bc6 55. Nf5 Kg5 56. Nd4 Bd7 57. Nf3+ Kg4 58.
Nh2+ Kh3 59. Nf3 Kg2 60. Kxf4 Kxf2 61. Ne5 Be8 62. Kg5 h5 63. Kh4 Ke3 64. Ng4+
hxg4 65. Kxg4 1/2-1/2

[Event "Clasificatorio al Mayor 2012"]
[Site "Asuncion"]
[Date "2012.04.20"]
[Round "5.8"]
[White "Benitez Irazusta, Eduardo"]
[Black "Saldana, Fernando Javier"]
[Result "1-0"]
[WhiteElo "1660"]
[BlackElo "1717"]
[PlyCount "165"]
[EventDate "2012.04.13"]

1. d4 f5 2. c4 Nf6 3. Nc3 e6 4. Bg5 Be7 5. Nf3 O-O 6. Qc2 c6 7. e4 fxe4 8. Nxe4
a5 9. Bd3 h6 10. Nxf6+ Bxf6 11. Bxf6 Qxf6 12. Ne5 Rd8 13. O-O d6 14. Nf3 Nd7
15. Rad1 Nf8 16. Rfe1 a4 17. c5 d5 18. Ne5 Bd7 19. Re3 Be8 20. Rg3 Qe7 21. Rf1
Nd7 22. Ng4 Kh8 23. f4 Bh5 24. Ne3 Qf6 25. Qc3 Re8 26. Rh3 Qf7 27. g4 Bg6 28.
g5 h5 29. Ng2 Bxd3 30. Qxd3 g6 31. Nh4 Kg7 32. Re3 Nf8 33. Ref3 Qe7 34. Rg3 Qd7
35. Qe3 Re7 36. Qe5+ Kh7 37. Rgf3 Rf7 38. Re1 Ra6 39. Qe2 Kg7 40. Qf2 Ra7 41.
Qe2 Ra6 42. Kg2 Ra8 43. h3 Ra6 44. Kg3 Ra8 45. Re3 Ra7 46. Nf3 Qe8 47. Ne5 Rf5
48. Qc2 Qc8 49. Ra3 Qa8 50. Nf3 Qb8 51. Re5 Qc7 52. Rxa4 Rxa4 53. Qxa4 Qf7 54.
Rxf5 Qxf5 55. Qb3 Qf7 56. Ne5 Qc7 57. Qd3 Qa5 58. a3 Qe1+ 59. Kg2 Qc1 60. Qe2
Qxf4 61. Nf3 Kf7 62. b4 Ke7 63. a4 Nh7 64. h4 Qg4+ 65. Kh2 Qf5 66. b5 cxb5 67.
axb5 Kd8 68. Qe5 Qxe5+ 69. Nxe5 Nf8 70. Kg3 Kc7 71. Kf4 Kc8 72. Nf7 Kd7 73. Ke5
Ke7 74. Nd6 Nd7+ 75. Kf4 e5+ 76. Ke3 exd4+ 77. Kxd4 Ke6 78. Nxb7 Kf5 79. Nd6+
Kg4 80. b6 Kxh4 81. b7 Kxg5 82. c6 Nb8 83. c7 1-0

[Event "Clasificatorio al Mayor 2012"]
[Site "Asuncion"]
[Date "2012.04.20"]
[Round "5.9"]
[White "Heinechen, Juan"]
[Black "Herrero, Juan Luis"]
[Result "1/2-1/2"]
[WhiteElo "1447"]
[BlackElo "1441"]
[PlyCount "62"]
[EventDate "2012.04.13"]

1. e4 c6 2. Nc3 d5 3. Nf3 Bg4 4. h3 Bxf3 5. Qxf3 e6 6. g3 Nd7 7. Bg2 d4 8. Nb1
Ne5 9. Qe2 d3 10. Qe3 dxc2 11. Nc3 Bc5 12. d4 Bxd4 13. Qe2 Nd3+ 14. Qxd3 Bxf2+
15. Ke2 Qxd3+ 16. Kxd3 Bxg3 17. Kxc2 O-O-O 18. Be3 Ne7 19. Bxa7 Kc7 20. Be3 Rd7
21. Rhf1 Ng6 22. a4 Ne5 23. b3 Rhd8 24. a5 Kc8 25. Bb6 Rd2+ 26. Kc1 Rxg2 27.
Bxd8 Nd3+ 28. Kd1 Nb2+ 29. Kc1 Nd3+ 30. Kd1 Nb2+ 31. Kc1 Nd3+ 1/2-1/2

[Event "Clasificatorio al Mayor 2012"]
[Site "Asuncion"]
[Date "2012.04.20"]
[Round "5.10"]
[White "Florentin, Damaso"]
[Black "Cubilla, Walter"]
[Result "1-0"]
[WhiteElo "1852"]
[BlackElo "1862"]
[PlyCount "139"]
[EventDate "2012.04.13"]

1. e4 e5 2. Nf3 Nc6 3. Bb5 Nge7 4. c3 g6 5. d4 Bg7 6. d5 Nb8 7. Bg5 f6 8. Be3
a6 9. Ba4 b5 10. Bb3 d6 11. h3 O-O 12. g4 Kh8 13. Bc2 c6 14. dxc6 Nbxc6 15. Qd2
Be6 16. Nh4 d5 17. Bh6 Qd7 18. f3 Rad8 19. Bb3 a5 20. a4 b4 21. cxb4 Nd4 22.
Bxg7+ Kxg7 23. Bd1 dxe4 24. fxe4 Qa7 25. Qf2 Bc4 26. Nc3 Nc8 27. Be2 Nc2+ 28.
Kf1 Nxa1 29. Bxc4 Qb6 30. Qe2 Nd6 31. Ba2 Nf7 32. Kg2 Nc2 33. Qxc2 Qe3 34. Bd5
Ng5 35. Qf2 Qd3 36. Qe2 Qd4 37. Rd1 Qxb4 38. Nf3 Nf7 39. Ne1 Qe7 40. Bxf7 Rxd1
41. Qxd1 Rxf7 42. Nc2 f5 43. exf5 gxf5 44. gxf5 Rxf5 45. Ne3 Rg5+ 46. Kh2 Qb4
47. Qd7+ Kh8 48. Qe8+ Rg8 49. Qxe5+ Rg7 50. Ne4 Qe1 51. Ng3 Qf2+ 52. Ng2 h5 53.
Qxh5+ Kg8 54. Qe8+ Kh7 55. Qe5 Kg8 56. b3 Kh8 57. Qe3 Qf6 58. h4 Rg4 59. Qe8+
Rg8 60. Qh5+ Kg7 61. Qg5+ Qxg5 62. hxg5 Kg6 63. Ne3 Kxg5 64. Kg2 Kf4 65. Nef5
Rd8 66. Nd4 Ke3 67. Ngf5+ Kd3 68. Kf3 Re8 69. Nc6 Rf8 70. Kg4 1-0

[Event "Clasificatorio al Mayor 2012"]
[Site "Asuncion"]
[Date "2012.04.20"]
[Round "5.11"]
[White "Lopez, Francisco"]
[Black "Ogdon, Ricardo"]
[Result "1-0"]
[WhiteElo "1708"]
[BlackElo "1753"]
[PlyCount "69"]
[EventDate "2012.04.13"]

1. c4 c5 2. Nf3 Nf6 3. Nc3 d6 4. g3 e5 5. Bg2 Nc6 6. O-O Be7 7. e3 h6 8. d4 O-O
9. h3 a6 10. a3 Rb8 11. Nd5 exd4 12. Nxe7+ Qxe7 13. exd4 Nxd4 14. Nxd4 cxd4 15.
Qxd4 Qe5 16. Qb6 Qc5 17. Qxc5 dxc5 18. Bf4 Ra8 19. Bd6 Re8 20. Bxc5 Be6 21. b3
Rac8 22. Bb6 Nd7 23. Bd4 Rc7 24. Rfe1 b5 25. cxb5 axb5 26. b4 Rc4 27. Be3 Nf6
28. Bf1 Rc3 29. Bd4 Rc2 30. Bxf6 gxf6 31. Bxb5 Rd8 32. Re2 Rdd2 33. Rxd2 Rxd2
34. Bf1 Rb2 35. b5 1-0